[Event "Druzynowe Mistrzostw Polski Juniorow - II Liga"]
[Site "Wroclaw"]
[Date "1899-12-30"]
[Round "11.21"]
[White "Khimichenko, Dmytro"]
[Black "Wons, Krystian"]
[Result "1-0"]
[WhiteTitle "II+"]
[BlackTitle "II"]
[WhiteElo "1412"]
[BlackElo "1138"]

1. e4 e6 2. d4 d5 3. Nc3 Nf6 4. e5 Nfd7 5. Nf3 c5 6. Ne2 Nc6 7. c3 Qb6 8. b3 cxd4
9. cxd4 Bb4+ 10. Bd2 Ba3 11. Bc3 O-O 12. Ng3 Bb4 13. Bxb4 Qxb4+ 14. Qd2 f6 15.
exf6 Nxf6 16. Bd3 Bd7 17. Rd1 Rac8 18. O-O Qxd2 19. Rxd2 Nb4 20. Ne5 Nxd3 21.
Nxd7 Nf4 22. Nxf8 Kxf8 23. f3 h5 24. Ne2 g5 25. g3 Ng6 26. Rc1 Re8 27. Rdc2 Ne7
28. Rc7 g4 29. f4 Ne4 30. Rxb7 Nd2 31. Rxa7 Nf3+ 32. Kh1 1-0

[Event "Druzynowe Mistrzostw Polski Juniorow - II Liga"]
[Site "Wroclaw"]
[Date "1899-12-30"]
[Round "11.22"]
[White "Zalewski, Witold"]
[Black "Pekala, Dawid"]
[Result "1/2-1/2"]
[WhiteTitle "II"]
[BlackTitle "II"]
[WhiteElo "1231"]
[BlackElo "1458"]

1. e4 c5 2. Nf3 d6 3. d4 cxd4 4. Nxd4 Nf6 5. Nc3 a6 6. f3 e5 7. Nb3 Be6 8. Be3
Be7 9. Qd2 h5 10. O-O-O Nbd7 11. Kb1 b5 12. Nd5 Bxd5 13. exd5 Nb6 14. Bxb6 Qxb6
15. Bd3 b4 16. Rhe1 g6 17. h3 h4 18. f4 Nd7 19. fxe5 Nxe5 20. Nd4 Kf8 21. Qf2
Kg8 22. Rf1 Rh7 23. Nc6 Qb7 24. Nxe5 dxe5 25. d6 Bxd6 26. Bxg6 fxg6 27. Rxd6 Rg7
28. Rfd1 Qe7 29. Qf3 e4 30. Qb3+ Kh7 31. Qxb4 Rd8 32. Qd4 Rxd6 33. Qxd6 Qg5 34.
Qd2 e3 35. Qe2 Rf7 36. Rf1 Rxf1+ 37. Qxf1 Qg3 38. Qf7+ Kh6 39. Qf1 1/2-1/2

[Event "Druzynowe Mistrzostw Polski Juniorow - II Liga"]
[Site "Wroclaw"]
[Date "1899-12-30"]
[Round "11.23"]
[White "Pudelko, Magdalena"]
[Black "Skolska, Emilia"]
[Result "0-1"]
[WhiteTitle "I++"]
[BlackTitle "I++"]
[WhiteElo "1461"]
[BlackElo "1517"]

1. e4 d6 2. d4 g6 3. Nf3 Bg7 4. Be3 Nf6 5. Nc3 c6 6. Qd2 b5 7. a3 Nbd7 8. Bh6 Bxh6
9. Qxh6 Qa5 10. b4 Qb6 11. Be2 d5 12. e5 Ne4 13. Qe3 f5 14. Nxe4 dxe4 15. Ng5
h6 16. Nh3 Nf8 17. f3 Be6 18. fxe4 fxe4 19. Qxe4 Bd5 20. Qg4 h5 21. Qg3 Qxd4 22.
Rd1 Qe4 23. Nf4 h4 24. Qf3 Qxf3 25. gxf3 e6 26. Rg1 Kf7 27. Kf2 a5 28. Bd3 Rg8
29. Rg4 axb4 30. axb4 Ra4 31. Nxd5 exd5 32. Rxh4 g5 33. Rg4 Ne6 34. Bf5 Rh8 35.
Kg3 Nf4 36. Rxg5 Rxb4 37. Ra1 Ne2+ 38. Kg2 Ra4 39. Re1 Nd4 40. Kg3 Ra3 41. Bg4
Nxc2 42. e6+ Ke8 43. Ree5 Re3 44. e7 Rxe5 45. Rxe5 b4 46. Bh5+ Rxh5 47. Rxh5 b3
48. Rh8+ Kxe7 49. Rb8 Nd4 50. Rb4 c5 51. Rb7+ Kd6 52. h4 Kc6 53. Rxb3 Nxb3 54.
Kf4 Kd6 55. h5 Ke6 56. Ke3 Kf5 57. f4 Nd4 58. Kd3 Ne6 59. h6 Nxf4+ 60. Kc3 Ke5
0-1

[Event "Druzynowe Mistrzostw Polski Juniorow - II Liga"]
[Site "Wroclaw"]
[Date "1899-12-30"]
[Round "11.24"]
[White "Kaczmarek, Paulina"]
[Black "Walerjan, Ada"]
[Result "1-0"]
[WhiteTitle "I"]
[BlackTitle "I"]
[WhiteElo "1092"]
[BlackElo "1275"]

1. e4 e5 2. Bc4 Nf6 3. d3 Nc6 4. Nc3 h6 5. f4 Bc5 6. Na4 Bb6 7. Nxb6 axb6 8. Nf3
d6 9. c3 Qe7 10. Qe2 Na5 11. fxe5 dxe5 12. Bb5+ Bd7 13. Bxd7+ Nxd7 14. b4 Nc6
15. O-O O-O 16. Bb2 Rad8 17. Rad1 Rfe8 18. a3 f6 19. Nh4 Qf7 20. c4 Ne7 21. Qc2
c5 22. b5 Qe6 23. a4 Nf8 24. Ra1 Ra8 25. Qf2 Red8 26. Ra3 Nfg6 27. Nxg6 Nxg6 28.
g3 Rd7 29. Qf3 Rad8 30. Rd1 Ne7 31. Kg2 Nc8 32. Rc3 Nd6 33. Rdc1 Rf8 34. g4 g6
35. Rf1 Rdf7 36. Bc1 Kh7 37. Qh3 h5 38. gxh5 Qxh3+ 39. Kxh3 g5 40. Rc2 Rh8 41.
Kg4 Ne8 42. Rcf2 Kg7 43. Bxg5 Rhf8 44. Bd2 Kg8 45. a5 Rg7+ 46. Kh4 bxa5 47. Bxa5
Rh7 48. Bb6 Kf7 49. Bxc5 Rg8 50. Rf5 Ke6 51. d4 Rh6 52. dxe5 fxe5 53. Rg5 Rgh8
54. Rff5 Nf6 55. Rxe5+ Kd7 56. Bd4 Ne8 57. Rd5+ Kc8 58. Bxh8 Rxh8 59. Rc5+ Kb8
60. b6 Nf6 61. Rg6 Nxe4 62. Re5 Nd2 63. Re2 Nxc4 64. Reg2 Kc8 65. Rc2 Kd7 66.
Rxc4 Kd8 67. Rc7 Re8 68. Rd6# 1-0

[Event "Druzynowe Mistrzostw Polski Juniorow - II Liga"]
[Site "Wroclaw"]
[Date "1899-12-30"]
[Round "11.25"]
[White "Stypka, Sebastian"]
[Black "Kolodziejski, Piotr"]
[Result "0-1"]
[WhiteTitle "II"]
[BlackTitle "k"]
[WhiteElo "1373"]
[BlackElo "2107"]

1. e4 c5 2. Nf3 e6 3. d4 cxd4 4. Nxd4 Nc6 5. Nxc6 bxc6 6. Bd3 d5 7. O-O Nf6 8.
Nd2 Be7 9. Qe2 Qc7 10. c4 Bb7 11. b3 d4 12. e5 Nd7 13. f4 c5 14. Nf3 h6 15. f5
O-O-O 16. Bf4 Kb8 17. a3 Ka8 18. Rfb1 exf5 19. Bxf5 Nf8 20. b4 Ne6 21. Bg3 g5
22. b5 h5 23. h3 Rdg8 24. Nd2 Nf4 25. Bxf4 gxf4 26. Nf3 Rg3 27. Kh2 Rhg8 28. Rg1
Kb8 29. a4 Bd8 30. a5 Qe7 31. b6 Bxf3 32. gxf3 Rxg1 33. Rxg1 Rxg1 34. Kxg1 Qg5+
35. Bg4 hxg4 36. hxg4 axb6 37. axb6 Qg6 38. Qd2 Qh6 39. Qc2 Bxb6 40. Qf5 Qe6 41.
Qxf4 Bc7 42. Qg5 Qxe5 43. Qg8+ Kb7 44. Qxf7 d3 45. Qd7 Qg3+ 46. Kf1 Qxf3+ 47.
Kg1 Qg3+ 48. Kf1 Qf4+ 49. Ke1 Qe4+ 50. Kf1 Qxc4 51. g5 d2+ 52. Kg2 Qe2+ 0-1

[Event "Druzynowe Mistrzostw Polski Juniorow - II Liga"]
[Site "Wroclaw"]
[Date "1899-12-30"]
[Round "11.26"]
[White "Kejna, Piotr"]
[Black "Cieply, Krzysztof"]
[Result "1/2-1/2"]
[WhiteTitle "CM"]
[BlackTitle "I"]
[WhiteElo "1970"]
[BlackElo "1763"]

1. e4 c5 2. Nf3 Nc6 3. d4 cxd4 4. Nxd4 Nf6 5. Nc3 d6 6. Bc4 e5 7. Nb3 Be7 8. Bg5
O-O 9. Qd2 Be6 10. Bxe6 fxe6 11. Rd1 a6 12. a4 Nb4 13. O-O Rc8 14. Bxf6 Rxf6 15.
Nd5 Nxd5 16. exd5 Qc7 17. dxe6 h6 18. Qd5 Qb6 19. Rd2 Qc6 20. c4 Rc7 21. Qxc6
bxc6 22. c5 d5 23. Re1 e4 24. Rde2 Rxe6 25. Nd4 Rf6 26. b4 Rb7 27. b5 axb5 28.
axb5 Bxc5 29. bxc6 Rbf7 30. Rd1 Bxd4 31. Rxd4 Rxc6 32. g4 Rc5 33. Red2 Rf4 34.
h3 h5 35. Rxd5 Rxd5 36. Rxd5 hxg4 37. hxg4 Rxg4+ 38. Kf1 Kf7 39. Ke2 Ke6 40. Ra5
Rf4 41. Ke3 Rf3+ 42. Kxe4 Rxf2 43. Ke3 Rb2 44. Ra3 Kf6 45. Kf3 Kg6 46. Kg3 Kh5
47. Kh3 g5 48. Kg3 Rb1 49. Rc3 Rg1+ 50. Kf2 Rg4 51. Rh3+ Rh4 52. Kg3 1/2-1/2

[Event "Druzynowe Mistrzostw Polski Juniorow - II Liga"]
[Site "Wroclaw"]
[Date "1899-12-30"]
[Round "11.27"]
[White "Staniczek, Kacper"]
[Black "Komendecki, Antoni"]
[Result "0-1"]
[WhiteTitle "II"]
[BlackTitle "I++"]
[WhiteElo "1345"]
[BlackElo "1880"]

1. e4 c5 2. Nf3 d6 3. d4 cxd4 4. Nxd4 Nf6 5. Nc3 a6 6. Be2 e5 7. Nb3 Be7 8. O-O
Be6 9. Bg5 Nbd7 10. Kh1 h6 11. Bh4 b5 12. f3 Qc7 13. a3 Rc8 14. Rc1 Nb6 15. Qd2
O-O 16. g4 Nxe4 17. Nxe4 Bxh4 18. Qxd6 Qxd6 19. Nxd6 Rc7 20. Ne4 Na4 21. Bd3 Nxb2
22. Nbc5 Nxd3 23. cxd3 Rfc8 24. Rb1 Rxc5 25. Nxc5 Rxc5 26. Rbc1 Be7 27. Rxc5 Bxc5
28. Ra1 a5 29. Kg2 b4 30. axb4 Bxb4 31. Kf2 Bb3 0-1

[Event "Druzynowe Mistrzostw Polski Juniorow - II Liga"]
[Site "Wroclaw"]
[Date "1899-12-30"]
[Round "11.28"]
[White "Karaszewski, Gabriel"]
[Black "Wojs, Alicja"]
[Result "1-0"]
[WhiteTitle "II"]
[BlackTitle "I++"]
[WhiteElo "1560"]
[BlackElo "1566"]

1. e4 c6 2. d4 g6 3. Nf3 d5 4. e5 Bg7 5. h3 Nh6 6. c4 O-O 7. Nc3 e6 8. Bg5 Qd7
9. Qd2 Nf5 10. c5 b6 11. b4 Ba6 12. Bxa6 Nxa6 13. a3 bxc5 14. bxc5 Rfb8 15. g4
Ne7 16. Qc2 Nc8 17. h4 Rb7 18. Kd2 Rab8 19. Rab1 Nc7 20. Rxb7 Rxb7 21. Rb1 Ne8
22. h5 Ne7 23. hxg6 Nxg6 24. Rh1 f6 25. exf6 Bxf6 26. Bxf6 Nxf6 27. Ng5 Qe8 28.
f3 e5 29. Re1 Re7 30. dxe5 Nxe5 31. Rd1 Nxf3+ 32. Nxf3 Re3 33. Qf5 Ne4+ 34. Nxe4
Rxe4 35. Re1 Rxe1 36. Nxe1 Qb8 37. Nd3 Qc7 38. Qe6+ 1-0

[Event "Druzynowe Mistrzostw Polski Juniorow - II Liga"]
[Site "Wroclaw"]
[Date "1899-12-30"]
[Round "11.29"]
[White "Lach, Alicja"]
[Black "Szachniewicz, Weronika"]
[Result "0-1"]
[WhiteTitle "I"]
[BlackTitle "I"]
[WhiteElo "1367"]
[BlackElo "1305"]

1. e4 c5 2. Nc3 a6 3. f4 b5 4. d3 Bb7 5. Nf3 e6 6. Be2 Nc6 7. b3 d5 8. e5 Nh6 9.
O-O Be7 10. h3 Nf5 11. g4 Nfd4 12. Bb2 h5 13. g5 Nf5 14. Bc1 g6 15. h4 Ncd4 16.
Bd2 Nxf3+ 17. Bxf3 Nxh4 18. Be1 Nf5 19. Bf2 Qc7 20. a3 b4 21. axb4 cxb4 22. Na4
d4 23. Be4 Rc8 24. Rc1 Kf8 25. Re1 Kg7 26. Re2 h4 27. Bxf5 gxf5 28. Qe1 Qc6 29.
Bxd4 Qh1+ 30. Kf2 Qf3+ 31. Kg1 h3 32. Qd2 Qg3+ 33. Kf1 h2 0-1

[Event "Druzynowe Mistrzostw Polski Juniorow - II Liga"]
[Site "Wroclaw"]
[Date "1899-12-30"]
[Round "11.30"]
[White "Miklosz, Malgorzata"]
[Black "Moczala, Maja"]
[Result "0-1"]
[WhiteTitle "I"]
[BlackTitle "I+"]
[WhiteElo "1255"]
[BlackElo "1375"]

1. e4 c5 2. Nf3 Nc6 3. d4 cxd4 4. Nxd4 Nf6 5. Nc3 d6 6. g3 g6 7. Bg2 Nxd4 8. Qxd4
Bg7 9. O-O O-O 10. Qd3 Be6 11. h3 Qc8 12. Kh2 Bc4 13. Qd1 Bxf1 14. Qxf1 Qd7 15.
Be3 a6 16. Rd1 Qc7 17. Qd3 Rac8 18. a4 Rfd8 19. f4 e6 20. Rd2 Nd7 21. Qxd6 Qxd6
22. Rxd6 Bxc3 23. bxc3 Nf6 24. Rxd8+ Rxd8 25. Bd4 Ne8 26. e5 b5 27. axb5 axb5
28. Bc6 Nc7 29. Kg1 b4 30. Kf2 Nd5 31. Bxd5 Rxd5 32. Ke2 bxc3 33. Bxc3 h5 34.
h4 Kf8 35. Bb4+ Ke8 36. c3 Kd7 37. Ke3 Kc6 38. Ke2 Kb5 39. Ke3 Kc4 40. Ke2 Rd3
41. Kf2 Kd5 42. Kg2 Ke4 43. c4 Rd4 44. Bc5 Rxc4 45. Bb6 Rc2+ 46. Bf2 Rb2 47. Kf1
Kf3 48. Be1 Rb1 0-1

[Event "Druzynowe Mistrzostw Polski Juniorow - II Liga"]
[Site "Wroclaw"]
[Date "1899-12-30"]
[Round "11.31"]
[White "Zabron, Maksym"]
[Black "Zarebska, Lena"]
[Result "1-0"]
[WhiteTitle "I++"]
[BlackTitle "k"]
[WhiteElo "1947"]
[BlackElo "1805"]

1. Nf3 c5 2. e4 Nc6 3. Bb5 a6 4. Bxc6 dxc6 5. h3 Qc7 6. d4 cxd4 7. Qxd4 c5 8. Qe3
e5 9. O-O Be6 10. Nc3 O-O-O 11. Nd5 Bxd5 12. exd5 f6 13. c4 g5 14. b4 cxb4 15.
a3 Bc5 16. Qb3 bxa3 17. Bxa3 Bxa3 18. Qxa3 h5 19. Nd2 f5 20. Nb3 Rh6 21. Nc5 Rb6
22. Ne6 Rxe6 23. dxe6 Qd6 24. c5 Qc6 25. Rab1 Ne7 26. Rb6 Qe4 27. Rfb1 Qe2 28.
Rxb7 Rd1+ 29. Kh2 Rxb1 30. Rxb1 f4 31. Qa4 1-0

[Event "Druzynowe Mistrzostw Polski Juniorow - II Liga"]
[Site "Wroclaw"]
[Date "1899-12-30"]
[Round "11.32"]
[White "Sloniewska, Alicja"]
[Black "Pisarek, Jan"]
[Result "0-1"]
[WhiteTitle "I++"]
[BlackTitle "I"]
[WhiteElo "1735"]
[BlackElo "1832"]

1. d4 Nf6 2. c4 e6 3. Nc3 Bb4 4. e3 b6 5. Nge2 Ne4 6. a3 Qh4 7. Ng3 Bxc3+ 8. bxc3
f5 9. Bd3 O-O 10. O-O Bb7 11. Bd2 d6 12. Be1 Nxg3 13. hxg3 Qe7 14. Qc2 Nd7 15.
e4 fxe4 16. Bxe4 Bxe4 17. Qxe4 Nf6 18. Qe2 Rae8 19. Bd2 e5 20. Be3 Ne4 21. d5
Nf6 22. Rae1 Qd7 23. Bc1 a5 24. Bd2 Qf5 25. Qf3 Qg6 26. Qe2 e4 27. f3 exf3 28.
Qxf3 Ne4 29. Qd3 Rxf1+ 30. Rxf1 Nxd2 31. Qxd2 Qxg3 32. Qc2 Qe3+ 33. Kh1 Re4 34.
Rf2 Qh6+ 35. Kg1 Re1+ 36. Rf1 Qe3+ 37. Qf2 Qxf2+ 38. Kxf2 Rxf1+ 39. Kxf1 Kf7 40.
Kf2 Kf6 41. Kf3 Kf5 42. g4+ Ke5 43. Ke3 h6 44. Kf3 g6 45. Ke3 h5 0-1

[Event "Druzynowe Mistrzostw Polski Juniorow - II Liga"]
[Site "Wroclaw"]
[Date "1899-12-30"]
[Round "11.33"]
[White "Stanik, Szymon"]
[Black "Sloniewski, Wojciech"]
[Result "1-0"]
[WhiteTitle "II"]
[BlackTitle "II"]
[WhiteElo "1249"]
[BlackElo "1062"]

1. e4 c5 2. Nf3 e6 3. d4 cxd4 4. Nxd4 Nc6 5. Nxc6 bxc6 6. Bd3 Nf6 7. O-O Be7 8.
c4 d5 9. e5 Nd7 10. Bf4 Nf8 11. Nd2 Ng6 12. Bg3 O-O 13. Nb3 c5 14. cxd5 exd5 15.
Bc2 Bb7 16. Rc1 Rc8 17. Re1 Bg5 18. Rb1 Ne7 19. f4 Bh6 20. Qg4 f6 21. Qe6+ Kh8
22. exf6 Ng8 23. fxg7+ Bxg7 24. Qh3 h6 25. Bf2 d4 26. Qd3 Nf6 27. Qb5 Qd5 28.
Qf1 Nh5 29. Be4 Qd7 30. Bxb7 Qxb7 31. g3 Rg8 32. Qe2 Nf6 33. Rbc1 Bf8 34. Qe5
Qb6 35. Bxd4 Bg7 36. Bxc5 Rxc5 37. Qxc5 1-0

[Event "Druzynowe Mistrzostw Polski Juniorow - II Liga"]
[Site "Wroclaw"]
[Date "1899-12-30"]
[Round "11.34"]
[White "Mieszczankowski, Adam"]
[Black "Hryniewicz, Maciej"]
[Result "1/2-1/2"]
[WhiteTitle "II"]
[BlackTitle "II"]
[WhiteElo "1044"]
[BlackElo "1217"]

1. e4 c5 2. Nf3 Nc6 3. d4 cxd4 4. Nxd4 Nf6 5. Nc3 e5 6. Ndb5 d6 7. Bg5 a6 8. Bxf6
gxf6 9. Na3 b5 10. Nd5 Bg7 11. c4 bxc4 12. Nxc4 Rb8 13. Qd2 Be6 14. Nce3 a5 15.
Rc1 Bxd5 16. Nxd5 Qd7 17. Qc3 Nb4 18. Nxb4 axb4 19. Qc6 Qxc6 20. Rxc6 Kd7 21.
Rc4 Rhc8 22. Bd3 Rxc4 23. Bxc4 Rc8 24. b3 Ra8 25. O-O Rxa2 26. Bxf7 Ke7 27. Bd5
h5 28. g3 Bh6 29. Rd1 Bd2 30. Kf1 Bc3 31. Rd3 Bd4 32. Rf3 Rc2 33. Kg2 Rc8 34.
Rf5 Rh8 35. h3 Rh6 36. h4 Bc5 37. f3 Be3 38. Kh3 1/2-1/2

[Event "Druzynowe Mistrzostw Polski Juniorow - II Liga"]
[Site "Wroclaw"]
[Date "1899-12-30"]
[Round "11.35"]
[White "Pisarek, Elzbieta"]
[Black "Anyz, Monika"]
[Result "1/2-1/2"]
[WhiteTitle "I++"]
[BlackTitle "I++"]
[WhiteElo "1804"]
[BlackElo "1792"]

1. e4 e5 2. Nf3 Nf6 3. Nxe5 d6 4. Nf3 Nxe4 5. d4 d5 6. Bd3 Bd6 7. O-O O-O 8. c4
c6 9. Nc3 Nxc3 10. bxc3 dxc4 11. Bxc4 Bg4 12. h3 Bh5 13. a4 Nd7 14. Bd3 Bxf3 15.
Qxf3 Qf6 16. Qg4 Nb6 17. Bg5 Qe6 18. Bf5 h5 19. Bxe6 hxg4 20. Bxg4 Rfe8 21. a5
Nd5 22. a6 b5 23. Bd7 Nxc3 24. Bxc6 b4 25. Bxa8 Rxa8 26. Bc1 Rc8 27. Re1 b3 28.
Bb2 Na2 29. Re3 Rb8 30. Kf1 Bf4 31. Rd3 Bd6 32. Ke2 Re8+ 33. Kf3 Rb8 34. Ke4 Re8+
35. Kf3 Rb8 36. Re1 Rb6 37. Ree3 Bb4 38. Rxb3 Rxa6 39. Ba3 Rf6+ 40. Ke2 a5 41.
Bxb4 Nc1+ 42. Ke1 Nxb3 43. Rxb3 axb4 44. Rxb4 Kf8 45. Rb5 Rd6 46. d5 Ke7 47. Ke2
Kf6 48. f4 Kf5 49. Ke3 Ra6 50. g4+ Kf6 51. Rc5 Ra3+ 52. Kd4 Rxh3 53. Rc7 Rh4 54.
g5+ Kg6 55. Ke5 f6+ 56. gxf6 gxf6+ 57. Ke4 Rh1 58. f5+ Kh6 59. d6 Rd1 60. d7 Kg5
61. Ra7 Rd6 62. Rb7 Rd1 63. Rb8 Rxd7 64. Rg8+ Kh5 65. Rg6 Rd6 66. Rg8 Rd7 67.
Kf4 Rd4+ 68. Kf3 Rd7 69. Ke4 Rd1 70. Rg6 1/2-1/2

[Event "Druzynowe Mistrzostw Polski Juniorow - II Liga"]
[Site "Wroclaw"]
[Date "1899-12-30"]
[Round "11.36"]
[White "Zapalowska, Wiktoria"]
[Black "Gajda, Anna"]
[Result "1-0"]
[WhiteTitle "I"]
[BlackTitle "II"]
[WhiteElo "1528"]
[BlackElo "1073"]

1. d4 e6 2. e4 b6 3. Bd3 Bb7 4. Nf3 c5 5. c3 Be7 6. O-O Nf6 7. Qe2 O-O 8. e5 Nd5
9. Qe4 g6 10. Bh6 Re8 11. h4 Nc7 12. Qg4 Bxf3 13. Qxf3 Nc6 14. Be4 cxd4 15. Bxc6
dxc6 16. Qxc6 dxc3 17. Nxc3 Bxh4 18. Rfd1 Qc8 19. Rac1 Rd8 20. Rxd8+ Qxd8 21.
Ne4 Nd5 22. g3 Be7 23. Nd6 Bf8 24. Bxf8 Qxf8 25. Qb7 a5 26. Nc8 Qh6 27. Rc2 Rxc8
28. Rxc8+ Kg7 29. Qb8 Ne7 30. Rh8 Qc1+ 31. Kh2 Kh6 32. Qf8+ Kg5 33. Qxe7+ Kg4
34. Rxh7 Qf1 35. Rh4+ Kf3 36. Qxf7+ Ke2 37. Re4+ Kd2 38. Qf3 g5 39. Qc3+ Kd1 40.
Rd4+ Ke2 41. Qd3+ Ke1 42. Qd2# 1-0

[Event "Druzynowe Mistrzostw Polski Juniorow - II Liga"]
[Site "Wroclaw"]
[Date "1899-12-30"]
[Round "11.37"]
[White "Jaskiewicz, Kacper"]
[Black "Jedrusik, Adam"]
[Result "0-1"]
[WhiteTitle "I"]
[BlackTitle "I++"]
[WhiteElo "1756"]
[BlackElo "1960"]

1. e4 d6 2. d4 Nf6 3. Bd3 e5 4. c3 c6 5. f4 Bg4 6. Qb3 Qc7 7. f5 d5 8. dxe5 Nxe4
9. Bxe4 dxe4 10. Bf4 Na6 11. e6 Qxf4 12. Qxb7 Nc5 13. Qxa8+ Ke7 14. Qxa7+ Kf6
15. Qxf7+ Kg5 16. Nf3+ exf3 17. O-O Qe3+ 18. Kh1 fxg2+ 19. Kxg2 Bh3+ 20. Kh1 Qe4+
0-1

[Event "Druzynowe Mistrzostw Polski Juniorow - II Liga"]
[Site "Wroclaw"]
[Date "1899-12-30"]
[Round "11.38"]
[White "Haliniak, Wojciech"]
[Black "Stepinski, Piotr"]
[Result "1/2-1/2"]
[WhiteTitle "I"]
[BlackTitle "I"]
[WhiteElo "1827"]
[BlackElo "1568"]

1. a3 e5 2. c4 Nf6 3. Nc3 g6 4. g3 Bg7 5. Bg2 O-O 6. d3 d6 7. Nf3 Nc6 8. Bd2 Bd7
9. b4 Rb8 10. Qc1 Qc8 11. h4 h5 12. Bh6 Re8 13. Bxg7 Kxg7 14. b5 Nd4 15. Nxd4
exd4 16. Nd5 Nxd5 17. Bxd5 c6 18. Bf3 cxb5 19. Qb2 Qc5 20. Rc1 Qe5 21. O-O a6
22. cxb5 Bxb5 23. Rc7 Bc6 24. Bxc6 bxc6 25. Qa2 Qe6 26. Qxe6 Rxe6 27. Rxc6 Rxe2
28. Rxd6 Rd2 29. Rxd4 Rb3 30. Ra4 Rdxd3 31. Rxa6 Rxa3 1/2-1/2

[Event "Druzynowe Mistrzostw Polski Juniorow - II Liga"]
[Site "Wroclaw"]
[Date "1899-12-30"]
[Round "11.39"]
[White "Gawlik, Olivier"]
[Black "Leszczewicz, Karol"]
[Result "1/2-1/2"]
[WhiteTitle "II+"]
[BlackTitle "I+"]
[WhiteElo "1384"]
[BlackElo "1519"]

1. e4 c5 2. Nf3 a6 3. c3 e6 4. d4 d5 5. e5 Bd7 6. Bd3 Nc6 7. O-O cxd4 8. cxd4 Qb6
9. Bc2 Nb4 10. Bb3 Bb5 11. Re1 Nd3 12. Re3 Nxc1 13. Qxc1 g6 14. Qd1 Bh6 15. Rc3
Ne7 16. Na3 O-O 17. Nc2 Rac8 18. Ne3 Rxc3 19. bxc3 Bxe3 20. fxe3 Rc8 21. Qe1 Qa5
22. Rc1 Bc4 23. g4 Bxb3 24. axb3 Kg7 25. Qf2 Qd8 26. Ng5 Nf5 27. h4 h6 28. gxf5
hxg5 29. f6+ Kf8 30. hxg5 Ke8 31. Qa2 Kd7 32. Qa4+ Rc6 33. Qa2 Qh8 34. Qh2 Rc8
35. Qxh8 Rxh8 36. Rc2 Rh3 37. Re2 Rg3+ 38. Kf2 Rxg5 39. Ke1 Rh5 40. Kd2 Rh4 41.
Rg2 b5 42. b4 Kc6 43. Kd3 Kb6 44. Rg1 Kb7 45. Rg2 Kb6 46. Rg1 Kb7 47. Rg2 1/2-1/2

[Event "Druzynowe Mistrzostw Polski Juniorow - II Liga"]
[Site "Wroclaw"]
[Date "1899-12-30"]
[Round "11.40"]
[White "Krogulski, Maksymilian"]
[Black "Skrzypiec, Franciszek"]
[Result "1-0"]
[WhiteTitle "I"]
[BlackTitle "II"]
[WhiteElo "1584"]
[BlackElo "1216"]

1. e4 c5 2. Nf3 Nc6 3. c3 d5 4. exd5 Qxd5 5. d4 Bf5 6. Na3 cxd4 7. cxd4 O-O-O 8.
Be3 e5 9. dxe5 Qe4 10. Qe2 Bg4 11. Bd2 Qa4 12. Qc4 Qxc4 13. Nxc4 Bxf3 14. gxf3
Nd4 15. O-O-O Nxf3 16. Nd6+ Bxd6 17. exd6 Nxd2 18. Rxd2 Nf6 19. Bh3+ Kb8 20. d7
g5 21. Bf5 h5 22. Rhd1 Ng8 23. Re1 Nh6 24. Bb1 h4 25. Re7 g4 26. Be4 f5 27. Bg2
h3 28. Bd5 f4 29. Rc2 f3 30. Be6 b6 31. Rc8+ Kb7 32. Kd2 g3 33. fxg3 a5 34. Ke3
Rhf8 35. Kf2 b5 36. Re8 Ng4+ 37. Bxg4 b4 38. Rxf8 b3 39. Rfxd8 bxa2 40. Rb8+ Ka7
41. Ra8+ Kb6 42. Rdb8+ Kc6 43. Ra6+ Kc5 44. Rxa5+ Kc4 45. Be6+ Kd4 46. d8=Q+ Ke4
47. Bf5# 1-0

[Event "Druzynowe Mistrzostw Polski Juniorow - II Liga"]
[Site "Wroclaw"]
[Date "1899-12-30"]
[Round "11.41"]
[White "Banasiak, Adrianna"]
[Black "Zybrant, Sandra"]
[Result "1/2-1/2"]
[WhiteTitle "I"]
[BlackTitle "I"]
[WhiteElo "1447"]
[BlackElo "1354"]

1. e4 c5 2. Nf3 d6 3. c3 Nf6 4. Bd3 Nc6 5. h3 g6 6. O-O Bg7 7. Bc2 O-O 8. d4 cxd4
9. cxd4 a6 10. a4 Qc7 11. Nc3 b6 12. Be3 Bb7 13. d5 Ne5 14. Nxe5 dxe5 15. Rc1
Qd6 16. Bb3 Rac8 17. f3 Nd7 18. Qe2 Nc5 19. Ba2 Qd7 20. Bc4 Nxa4 21. Nxa4 Qxa4
22. b3 Qb4 23. Bxa6 Bxa6 24. Qxa6 Rxc1 25. Rxc1 Qxb3 26. Qxb6 Qxb6 27. Bxb6 Bf6
28. g3 g5 29. Bc7 Rc8 30. f4 gxf4 31. gxf4 exf4 32. Bxf4 Rxc1+ 1/2-1/2

[Event "Druzynowe Mistrzostw Polski Juniorow - II Liga"]
[Site "Wroclaw"]
[Date "1899-12-30"]
[Round "11.42"]
[White "Malicka, Magdalena"]
[Black "Kruszewska, Malgorzata"]
[Result "1-0"]
[WhiteTitle "I"]
[BlackTitle "II"]
[WhiteElo "1271"]
[BlackElo "1012"]

1. e4 e5 2. Nf3 Nf6 3. d4 exd4 4. e5 Qe7 5. Be2 Nd5 6. Qxd4 Nb6 7. Nc3 Qc5 8. Qd3
Nc6 9. Be3 Qe7 10. Bf4 Nb4 11. Qd2 Qd8 12. a3 Nc6 13. O-O-O Be7 14. g4 h6 15.
h4 Bf8 16. Ne4 Qe7 17. Rhe1 Qe6 18. g5 h5 19. Kb1 Be7 20. Bb5 a6 21. Nf6+ Kd8
22. Bxc6 Qxc6 23. Nd4 Qa4 24. Ne4 Qc4 25. b3 Qd5 26. c4 Nxc4 27. bxc4 Qxc4 28.
Rc1 Qa4 29. Qc3 Qxa3 30. Qxc7+ Ke8 31. Nd6+ Kf8 32. Qc3 Qa4 33. Nxc8 1-0

[Event "Druzynowe Mistrzostw Polski Juniorow - II Liga"]
[Site "Wroclaw"]
[Date "1899-12-30"]
[Round "11.43"]
[White "Maciaszek, Karol"]
[Black "Owoc, Jakub"]
[Result "1-0"]
[WhiteTitle "I"]
[BlackTitle "I"]
[WhiteElo "1695"]
[BlackElo "1756"]

1. e4 e5 2. Nf3 Nc6 3. Bc4 Nf6 4. d3 h6 5. O-O d6 6. c3 g5 7. Nbd2 Bg7 8. Bb3 O-O
9. Nc4 Qe7 10. Ne3 Be6 11. h4 Nh7 12. hxg5 hxg5 13. Nh2 Qd7 14. g4 Ne7 15. Nf5
Ng6 16. Nf3 Nf4 17. Bxf4 exf4 18. Kg2 Bxf5 19. exf5 d5 20. Rh1 a5 21. Rh5 f6 22.
Qh1 Bh8 23. Nd4 Rf7 24. Ne6 a4 25. Bc2 Re8 26. d4 Qb5 27. b3 Qe2 28. Bd1 Qd3 29.
Bf3 c6 30. Qh3 a3 31. Rh1 Ree7 32. Rh6 Rxe6 33. Rxh7 1-0

[Event "Druzynowe Mistrzostw Polski Juniorow - II Liga"]
[Site "Wroclaw"]
[Date "1899-12-30"]
[Round "11.44"]
[White "Krupinski, Mikolaj"]
[Black "Kucharski, Sylwester"]
[Result "0-1"]
[WhiteTitle "I"]
[BlackTitle "I"]
[WhiteElo "1747"]
[BlackElo "1441"]

1. e4 e6 2. d4 d5 3. Nd2 c5 4. exd5 exd5 5. Bb5+ Nc6 6. Qe2+ Be7 7. Ngf3 Nf6 8.
O-O O-O 9. dxc5 Bxc5 10. Nb3 Bd6 11. Bg5 Bg4 12. h3 Bh5 13. Bxc6 bxc6 14. Nbd4
Re8 15. Qa6 h6 16. Nxc6 Qd7 17. Bxf6 Bxf3 18. Bc3 Be2 19. Qa4 Bxf1 20. Kxf1 f6
21. Qb5 Be5 22. Bxe5 fxe5 23. Rd1 Re6 24. Nd4 Rd6 25. Qxd7 Rxd7 26. Nc6 Re8 27.
c3 Re6 28. Nb4 Red6 29. Ke2 Kf7 30. Nd3 Re7 31. Nb4 Ke6 32. Ke3 g5 33. f3 Red7
34. Nd3 Rc7 35. Rd2 Rc4 36. Nf2 h5 37. Kd3 Kf5 38. Ke3 Ke6 39. Kd3 Rdc6 40. Nd1
d4 41. b3 dxc3 42. bxc4 cxd2 43. Kxd2 Rxc4 44. g4 h4 45. Nc3 Kf7 46. Kd3 Rd4+
47. Ke3 Kg6 48. Ke2 Rb4 49. Ke3 a5 50. a4 Rd4 51. Ke2 Rb4 52. Kd3 Rb2 53. Ke4
Rh2 54. Kxe5 Rxh3 55. Ke4 Rg3 56. Ke3 h3 57. Kf2 h2 0-1

[Event "Druzynowe Mistrzostw Polski Juniorow - II Liga"]
[Site "Wroclaw"]
[Date "1899-12-30"]
[Round "11.45"]
[White "Rajlich, Vaclav"]
[Black "Piatek, Szymon"]
[Result "1-0"]
[WhiteTitle "II"]
[BlackTitle "II"]
[WhiteElo "1326"]
[BlackElo "1322"]

1. e4 c5 2. Nc3 g6 3. f4 Nc6 4. Bb5 Bg7 5. Nf3 e6 6. d3 Nge7 7. O-O O-O 8. Ne2
d5 9. Bxc6 Nxc6 10. e5 b6 11. g4 Bb7 12. Ng3 Rc8 13. c3 Qc7 14. Be3 Ba6 15. Rc1
Rfd8 16. d4 Bxf1 17. Qxf1 f6 18. Qh3 Qe7 19. Rf1 cxd4 20. cxd4 Nb4 21. f5 exf5
22. gxf5 g5 23. Nh5 h6 24. Bd2 Nc6 25. Re1 fxe5 26. dxe5 Nxe5 27. Nxe5 Bxe5 28.
f6 Qd7 29. f7+ Kxf7 30. Qf3+ Kg6 31. Rxe5 Rf8 32. Qg2 Qb5 33. Re6+ Kh7 34. Rxh6+
1-0

[Event "Druzynowe Mistrzostw Polski Juniorow - II Liga"]
[Site "Wroclaw"]
[Date "1899-12-30"]
[Round "11.46"]
[White "Gruca, Karol"]
[Black "Bombinski, Michal"]
[Result "1-0"]
[WhiteTitle "II"]
[BlackTitle "II"]
[WhiteElo "1346"]
[BlackElo "1168"]

1. Nf3 d5 2. b3 Nf6 3. Bb2 Bg4 4. e3 e6 5. Be2 Nbd7 6. c4 c6 7. O-O Bd6 8. d4 O-O
9. Nbd2 Rc8 10. Qc2 Bf5 11. Bd3 Bxd3 12. Qxd3 Re8 13. Ne5 Bxe5 14. dxe5 Ng4 15.
f4 Nc5 16. Qe2 Nh6 17. Bd4 Nd7 18. b4 Nf5 19. g4 Nh6 20. e4 dxe4 21. Nxe4 Qh4
22. Nd6 Qxg4+ 23. Qxg4 Nxg4 24. Nxe8 Rxe8 25. Rad1 Nb6 26. Bxb6 axb6 27. Rd7 Ne3
28. Rc1 Nf5 29. Rxb7 Nd4 30. Kf2 Ra8 31. Rd1 Rxa2+ 32. Kf1 h6 33. Rxd4 1-0